Ipswich Town Squad 2024-2025 - Statistics

General Stats
  • This quiz has been taken 222 times
    74 since last reset
  • The average score is 18 of 32
Answer Stats
# Position Nation Player % Correct
19 FW England Liam Delap
98%
1 GK Kosovo Arijanet Muric
93%
20 FW Jamaica Omari Hutchinson
83%
9 MF Paraguay Julio Enciso
81%
3 DF England Leif Davis
74%
5 MF Egypt Sam Morsy
74%
- Coach Northern Ireland Kieran McKenna
71%
8 MF England Kalvin Phillips
67%
40 DF DR Congo Axel Tuanzebe
64%
12 MF Sweden Jens Cajuste
64%
47 FW England Jack Clarke
62%
18 DF England Ben Johnson
55%
21 FW Ireland Chiedozie Ogbene
55%
24 DF England Jacob Greaves
55%
31 GK England Alex Palmer
52%
28 GK England Christian Walton
52%
27 FW England George Hirst
52%
2 DF England Harry Clarke
52%
6 DF England Luke Woolfenden
52%
16 FW Iraq Ali Al-Hamadi
50%
26 DF Ireland Dara O'Shea
50%
29 FW England Jaden Philogene
50%
25 MF Australia Massimo Luongo
50%
10 FW England Conor Chaplin
48%
23 MF Ireland Sammie Szmodics
48%
7 MF Wales Wes Burns
48%
15 DF Australia Cameron Burgess
45%
33 FW Wales Nathan Broadhead
45%
44 DF England Ben Godfrey
43%
22 DF England Conor Townsend
29%
14 MF Ireland Jack Taylor
26%
13 GK Scotland Cieran Slicker
24%
No matching quizzes found
Score Distribution
Percent of People with Each Score
Percentile by Number Answered
Your Score History
You have not taken this quiz since the last reset